Holiday Quiz

Random Holiday or Song Quiz

25 Most Popular Christmas Songs Quiz Stats

 Plays Quiz not verified by Sporcle

Score 0/25 Timer 05:00
0 Plays Today
Rank Song % Correct
5.White Christmas
72.5%
7.Rudolph the Red Nosed Reindeer
65.9%
1.The Christmas Song
58.7%
8.Jingle Bell Rock
51.4%
17.Frosty the Snowman
50.7%
2.Santa Claus is Coming to Town
47.8%
15.Feliz Navidad
43.5%
4.Winter Wonderland
42.8%
13.Silver Bells
42%
6.Let It Snow! Let It Snow! Let It Snow!
37%
14.Rockin' around the Christmas Tree
32.6%
16.Blue Christmas
32.6%
3.Have Yourself a Merry Little Christmas
29%
Rank Song % Correct
11.Sleigh Ride
28.3%
9.I'll Be Home for Christmas
26.1%
10.Little Drummer Boy
25.4%
24.Santa Baby
24.6%
18.A Holly Jolly Christmas
23.9%
23.Carol of the Bells
23.2%
19.I Saw Mommy Kissing Santa Claus
21.7%
20.Here Comes Santa Claus
21.7%
25.Wonderful Christmastime
21.7%
12.It's the Most Wonderful Time of the Year
15.9%
21.It's Beginning to Look a Lot Like Christmas
15.2%
22.Home for the Holidays
12.3%

You're not logged in!

Compare scores with friends on all Sporcle quizzes.
OR
Log In

You Might Also Like...

Show Comments

Extras

Top Quizzes Today


Score Distribution

Your Account Isn't Verified!

In order to create a playlist on Sporcle, you need to verify the email address you used during registration. Go to your Sporcle Settings to finish the process.

Report this User

Report this user for behavior that violates our Community Guidelines.

Details: